Cría y mejoramiento del ganado

Gardado en:
Detalles Bibliográficos
Main Authors: Warwick, Everett James (Author), Legates, James Edward (Author)
Formato: Libro
Idioma:Lingua castelá
Publicado: Ciudad de México McGraw Hill 1980
Edición:3a. ed
Subjects:
Tags: Engadir etiqueta
Sen Etiquetas, Sexa o primeiro en etiquetar este rexistro!

MARC

LEADER 00000nam a2200000 a 4500
001 UCQ3434
003 CL-VaPUC
008 980821e19800000MX |||||||||||||||||spa|d
082 0 4 |a 636.082  |b WAR  |2 21 
100 0 |a Warwick, Everett James  |e author  |9 417580 
700 0 |a Legates, James Edward  |e author  |9 417581 
245 1 0 |a Cría y mejoramiento del ganado 
250 |a 3a. ed 
300 |a 623 p 
942 |c BK 
945 |d 19980821 00:00:00  |a aarredon 
260 |a Ciudad de México  |b McGraw Hill  |c 1980 
650 7 |a GANADO  |2 CL-VaPUC  |9 417582 
650 7 |a DOMESTICACION  |2 CL-VaPUC  |9 393827 
650 7 |a CRIANZA DE ANIMALES  |2 CL-VaPUC  |9 413735 
650 7 |a CONSANGUINIDAD  |2 CL-VaPUC  |9 400408 
650 7 |a CABALLOS  |2 CL-VaPUC  |9 269057 
650 7 |a CERDOS  |2 CL-VaPUC  |9 264474 
650 7 |a OVEJAS  |2 CL-VaPUC  |9 393979 
583 |a last modification  |c 19980821 00:00:00  |k Rodrigo Vera 
999 |c 274013  |d 274011